000 00470nam a2200193Ia 4500
008 240510s9999 xx 000 0 und d
020 _a9781461471370
041 _aEng
082 _a003.52
082 _bI57
100 _aJAMES,GARETH (et-al)
245 3 _aAn Introduction to Statistical Learning with Applications in R
260 _bNew York:Springer
260 _c2013
300 _a426 p.
650 _aPattern Perception
942 _2ddc
942 _cRBK
999 _c29367
_d29367
945 _a1
_bMadushi Gamage
_c1
_dMadushi Gamage